| 000 | 00554nam a2200217Ia 4500 | ||
|---|---|---|---|
| 005 | 20240320141813.0 | ||
| 008 | 131103s9999 xx 000 0 und d | ||
| 020 | _a41500423 | ||
| 040 | _aLoreto College | ||
| 041 | _aEnglish | ||
| 082 |
_a150 _bPIA |
||
| 100 | _aPiaget, Jean | ||
| 245 |
_aMain Trends in Psychology _cJean Piaget |
||
| 260 |
_aLondon _bGeorge Allen & Unwin _c1970 |
||
| 300 | _a72p. | ||
| 440 | _aMain Trends in the Social Sciences | ||
| 504 | _aIncludes index | ||
| 650 | _aPsychology | ||
| 850 | _aLCBED | ||
| 942 | _cBK | ||
| 999 |
_c26928 _d77407 |
||